000 00387nam a22001457a 4500
005 20150225152144.0
008 150225b xxu||||| |||| 00| 0 eng d
040 _cPK-LaUMT
082 _aKHC 954.0350924
_bBRI-L
100 _aBright, J.S.
245 _aLife and time of Jaiprakash Narain
_cJ.S. Bright
260 _aLahore
_bDewan's Publications
_c1947
300 _a199 p.
942 _cBK
999 _c66562
_d66562